[Event "VI Sunway Sitges Open 2019"]
[Site "Sitges"]
[Date "2019.12.19"]
[Round "7.23"]
[White "Janik, Igor"]
[Black "Petrosyan, Manuel"]
[Result "1-0"]
[WhiteElo "2466"]
[BlackElo "2613"]
[Annotator "TA"]
[PlyCount "181"]
[EventDate "2019.12.13"]
[EventType "swiss"]
[EventCountry "ESP"]
[SourceTitle "playchess.com"]
[Source "ChessBase"]
[SourceQuality "1"]

{[%evp 9,181,5,3,-2,0,5,0,0,3,7,8,8,13,0,0,0,8,-35,0,0,9,3,41,37,21,20,39,24,26,22,34,35,11,21,50,58,32,41,45,33,87,88,176,178,298,289,450,454,643,198,212,208,289,289,289,287,264,272,278,292,269,288,266,270,343,284,337,332,409,409,411,405,393,288,382,360,427,416,444,443,483,468,481,465,504,501,523,469,552,397,1253,1200,1131,1092,1003,630,727,614,537,295,299,274,525,276,499,427,521,524,518,519,497,490,553,562,550,531,521,558,688,673,885,855,1179,1139,1167,1168,1069,920,1177,1098,1064,1020,1678,1689,1678,1672,1472,716,1354,1369,1282,1269,1001,967,1580,1572,1507,1507,1312,1264,1658,5633,29977,29978,2917,2835,1191,1187,1789,1058,837,1943,29984,29979,29985,29986,29986,29987,29987,29988,29988,29989,29991,29992]} 1. c4 e5 2. Nc3 Bb4 3. Nd5 a5 4. g3 (4. Nf3 d6 5. a3 Bc5 6. e3 Nf6 7. d4 Nxd5 8. cxd5 exd4 9. exd4 Bb6 10. Bg5 f6 11. Be3 O-O {1-0 (43) Ding,L (2811)-Yu,Y (2763) Khanty-Mansiysk 2019}) 4... Nf6 5. Bg2 O-O 6. Nf3 {A21: English Opening: 1...e5 2 Nc3} Nxd5 7. cxd5 e4 8. Nd4 {The position is equal.} Bc5 $146 ({Predecessor:} 8... Qg5 9. Nb5 c6 10. a3 cxb5 11. axb4 Qxd5 12. Rxa5 Rxa5 13. bxa5 {0-1 (36) Kovacevic,B (2482)-Volokitin,A (2681) Murska Sobota 2007}) 9. Nb5 f5 10. O-O d6 11. d3 exd3 12. Qxd3 Nd7 13. Bf4 g5 14. Be3 Ne5 15. Qc3 Bxe3 16. Qxe3 Bd7 17. Nd4 f4 18. Qb3 b6 19. Rac1 Rc8 20. Rc3 Kh8 21. Qc2 h5 22. Nf3 Bf5 23. Qd2 Nxf3+ 24. Bxf3 fxg3 (24... Bg6 $14) 25. hxg3 Bh3 (25... Bg6 $16 {keeps fighting.}) 26. Rfc1 $18 h4 (26... Bg4 $142 27. Qd4+ Qf6 28. Qxf6+ Rxf6) 27. gxh4 Rf4 {[#]} (27... Bd7 {might work better.} 28. Kh2 Rf4) 28. Rc4 $1 Qf6 (28... Bf5 $142 29. Rxf4 gxf4 30. Qd4+ Kh7 31. Qxf4 Qd7) 29. Rxf4 $2 (29. hxg5 Qxg5+ 30. Kh2) 29... gxf4 30. Qc3 Kg7 {[#]} 31. Kh2 $1 {Threatens to win with Rg1+.} Qxc3 32. Rxc3 {[%mdl 4096] Endgame KRB-KRB} ({Weaker is} 32. bxc3 Bf5 $14) 32... Bf5 33. Rc4 Kf6 {If Black can now play ...Ke5 this consolidates a bit.} 34. Rxf4 Ke5 35. Rc4 b5 36. Rc3 Kd4 37. e3+ Ke5 38. Bg2 b4 39. Rc1 Bd3 40. f4+ Kf6 41. Rd1 Bc4 42. b3 Bb5 43. Kg3 Rg8+ 44. Kf2 Rh8 45. Rc1 Rh7 46. h5 Be8 47. h6 Bg6 48. e4 Be8 49. Ke3 Kg6 $2 (49... Rxh6 50. Rxc7 Rh2) 50. e5 Kxh6 51. Be4 Re7 52. Kd4 Kg7 53. Bf5 Kf8 54. exd6 cxd6 55. Rc8 {Black must now prevent Bg6.} Kg7 $2 (55... Rg7 56. Ra8 Ke7 57. Rxa5 Rg1) 56. Ra8 Bh5 $2 (56... Re1 57. Rxa5 Rd1+ 58. Ke3 Kf6) 57. Be4 Rc7 58. Rxa5 Rc1 59. Ra4 Rd1+ 60. Kc4 Rf1 61. Rxb4 Rxf4 62. Kc3 Kf6 63. Bd3 Rf3 64. Re4 Bf7 65. Kd4 Kg5 66. Bc4 Rf2 67. Re2 Rf4+ 68. Kc3 Rf5 69. Rd2 Kf6 70. a4 {[%cal Ba2a4,Ba4a5][%mdl 32]} Ke7 71. a5 Kd8 72. Kb4 Kc7 73. Ka4 (73. Kb5 $142 Be8+ 74. Ka6) 73... Rf4 74. Kb5 Be8+ 75. Kb4 Bf7 76. Kc3 Rf3+ 77. Rd3 Rf1 78. Re3 Rf5 79. Kd4 Kd8 80. b4 {[%cal Bb3b4,Bb4b5,Bb5b6][%mdl 32]} Rf4+ 81. Kc3 Rf5 82. Rd3 Rf1 83. b5 Rc1+ 84. Kb4 Rb1+ 85. Rb3 Rd1 86. b6 {White mates.} Kc8 87. a6 Ra1 88. Rc3 Kb8 89. Rf3 Rb1+ 90. Bb3 Rxb3+ 91. Rxb3 {Accuracy: White = 73%, Black = 35%.} 1-0

[Event "VI Sunway Sitges Open 2019"]
[Site "Sitges"]
[Date "2019.12.19"]
[Round "7.24"]
[White "Vogel, Roven"]
[Black "Karthikeyan, Murali"]
[Result "0-1"]
[WhiteElo "2457"]
[BlackElo "2611"]
[Annotator "TA"]
[PlyCount "48"]
[EventDate "2019.12.13"]
[EventType "swiss"]
[EventCountry "ESP"]
[SourceTitle "playchess.com"]
[Source "ChessBase"]
[SourceQuality "1"]

{[%evp 20,48,24,2,24,17,18,0,42,-1,-10,-7,-10,-18,-20,-94,-85,-128,-124,-115,-102,-120,-117,-162,-102,-175,-144,-502,-497,-485,-479]} 1. d4 Nf6 2. c4 e6 3. Nf3 d5 4. Nc3 Nbd7 5. cxd5 exd5 6. Bg5 Be7 7. e3 c6 8. Bd3 O-O 9. Qc2 Re8 10. O-O-O Nf8 11. h4 Be6 {D36: Queen's Gambit Declined: Exchange Variation: Main line (5 Bg5 c6 6 Qc2)} 12. Kb1 Rc8 13. Rhg1 $146 ({Predecessor:} 13. Ka1 a6 14. Qb1 b5 15. Rc1 h6 16. Bf4 c5 17. dxc5 Bxc5 18. Nd4 Bd7 19. f3 {½-½ (46) Bacrot,E (2594)-Karpov,A (2696) Cannes 2000}) 13... c5 {The position is equal.} 14. Bf5 cxd4 15. Nxd4 Bb4 16. Bxe6 fxe6 17. Rd3 (17. Nde2 $1 $11) 17... N8d7 18. Nde2 h6 19. Bxf6 Qxf6 20. Rd4 Bd6 $36 {[%mdl 2048] White is under strong pressure.} 21. Rf1 Be5 (21... Ne5 $19 22. h5 Qf7) 22. Rg4 {[#]} (22. Rb4 $17 {was called for.}) 22... b5 $1 $19 {[%mdl 512]} 23. Qd3 $2 {[%mdl 8192]} (23. Ka1 $17 {is more resistant.}) (23. Nxb5 Rxc2) 23... Bxc3 24. Rf4 Ne5 {Accuracy: White = 18%, Black = 50%.} 0-1

[Event "VI Sunway Sitges Open 2019"]
[Site "Sitges"]
[Date "2019.12.19"]
[Round "7.25"]
[White "Real De Azua, Ernesto"]
[Black "Adly, Ahmed"]
[Result "0-1"]
[WhiteElo "2450"]
[BlackElo "2607"]
[Annotator "TA"]
[PlyCount "46"]
[EventDate "2019.12.13"]
[EventType "swiss"]
[EventCountry "ESP"]
[SourceTitle "playchess.com"]
[Source "ChessBase"]
[SourceQuality "1"]

{[%evp 14,62,16,15,45,37,27,14,17,12,8,4,23,28,36,12,0,-2,-10,-10,0,-8,-8,-25,-26,-26,0,-174,-181,-180,-154,-216,-187,-208,-201,-212,-190,-188,-166,-174,-176,-243,-233,-238,-230,-214,-200,-335,-360,-323,-344]} 1. d4 Nf6 2. c4 e6 3. Nc3 Bb4 4. e3 O-O 5. Bd3 c5 6. Nf3 b6 7. O-O Bb7 8. Na4 Na6 {E43: Nimzo-Indian: Rubinstein: 4...b6} 9. a3 Ba5 10. b3 Ne4 $146 {The position is equal.} ({Predecessor:} 10... d6 11. Bb2 Bc6 12. Nc3 Bxc3 13. Bxc3 Be4 14. Be2 Nc7 15. b4 cxd4 16. exd4 {½-½ (28) Leko,P (2737)-Pelletier,Y (2595) Istanbul 2012}) 11. Bb2 f5 12. Qe2 Qe8 13. Rfd1 Rd8 14. Rac1 d6 15. d5 Nc7 16. b4 cxb4 17. axb4 Bxb4 {[#]} 18. Bxg7 $1 {[%mdl 512]} Qxa4 (18... Kxg7 19. Qb2+) 19. Bxf8 Rxf8 ({But not} 19... Kxf8 $2 20. Ra1 $18) 20. Bxe4 $2 (20. Ra1 $11 {and White has nothing to worry.} Qe8 21. Rxa7) 20... fxe4 $19 21. Ng5 {[#]} Qe8 $1 {[%cal Re6d5]} ({Stronger than} 21... exd5 22. Qg4 $14) 22. Qb2 (22. Nxe4 $17 {was worth a try.} exd5 23. cxd5 Nxd5 24. Rd4) 22... a5 23. Nxe4 {Nf6+ is the strong threat.} Qe7 {Played: Qe8-g6} 0-1

[Event "VI Sunway Sitges Open 2019"]
[Site "Sitges"]
[Date "2019.12.19"]
[Round "7.26"]
[White "Praggnanandhaa R"]
[Black "Kirk, Ezra"]
[Result "1-0"]
[WhiteElo "2586"]
[BlackElo "2433"]
[Annotator "ChessBase"]
[PlyCount "57"]
[EventDate "2019.12.13"]
[EventType "swiss"]
[EventCountry "ESP"]
[SourceTitle "playchess.com"]
[Source "ChessBase"]
[SourceQuality "1"]
[TimeControl "40/5400+30:1800+30"]

1. e4 {[%emt 0:00:16]} c5 {[%emt 0:00:00]} 2. Nf3 {[%emt 0:00:26]} Nc6 {[%emt 0:00:07]} 3. Bb5 {[%emt 0:00:06]} g6 {[%emt 0:00:26]} 4. Bxc6 {[%emt 0:00:19]} bxc6 {[%emt 0:00:17]} 5. d4 {[%emt 0:00:26]} Bg7 {[%emt 0:05:32]} 6. dxc5 {[%emt 0:00:47]} Qa5+ {[%emt 0:03:01]} 7. Nbd2 {[%emt 0:00:16]} Ba6 {[%emt 0:07:15]} 8. Rb1 {[%emt 0:02:30]} Qxc5 {[%emt 0:12:10]} 9. b4 {[%emt 0:01:44]} Qh5 {[%emt 0:01:14]} 10. c4 {[%emt 0:01:55]} Nh6 {[%emt 0:07:12]} 11. O-O {[%emt 0:07:15]} O-O {[%emt 0:00:59]} 12. Re1 {[%emt 0:00:30]} d5 {[%emt 0:10:08]} 13. exd5 {[%emt 0:15:08]} cxd5 {[%emt 0:00:18]} 14. b5 {[%emt 0:00:24]} Bc8 {[%emt 0:00:46]} 15. c5 {[%emt 0:00:46]} d4 {[%emt 0:29:26]} 16. c6 {[%emt 0:18:44]} g5 {[%emt 0:00:00]} 17. Ne4 {[%emt 0:03:13]} g4 {[%emt 0:00:00]} 18. Ng3 {[%emt 0:01:36]} Qg6 {[%emt 0:00:51]} 19. Bxh6 {[%emt 0:00:39]} Qxh6 {[%emt 0:06:18]} 20. Nxd4 {[%emt 0:02:00]} Qg5 {[%emt 0:01:53]} 21. c7 {[%emt 0:07:07]} Bb7 {[%emt 0:01:57]} 22. Ndf5 {[%emt 0:02:17]} e6 {[%emt 0:01:47]} 23. Nd6 {[%emt 0:01:13]} Bd5 {[%emt 0:00:50]} 24. Qc1 {[%emt 0:02:52]} Qe7 {[%emt 0:03:17]} 25. Ngf5 {[%emt 0:01:28]} Qd7 {[%emt 0:01:17]} 26. c8=Q {[%emt 0:02:17]} Raxc8 {[%emt 0:00:46]} 27. Nxc8 {[%emt 0:00:11]} exf5 {[%emt 0:00:46]} 28. Ne7+ {[%emt 0:00:09]} Kh8 {[%emt 0:00:04]} 29. Qd2 {[%emt 0:02:58]} 1-0

[Event "VI Sunway Sitges Open 2019"]
[Site "Sitges"]
[Date "2019.12.19"]
[Round "7.27"]
[White "Chen, Qi b"]
[Black "Gukesh D"]
[Result "0-1"]
[WhiteElo "2445"]
[BlackElo "2547"]
[Annotator "ChessBase"]
[PlyCount "80"]
[EventDate "2019.12.13"]
[EventType "swiss"]
[EventCountry "ESP"]
[SourceTitle "playchess.com"]
[Source "ChessBase"]
[SourceQuality "1"]
[TimeControl "40/5400+30:1800+30"]

1. e4 {[%emt 4:45:59]} c5 {[%emt 0:00:36]} 2. Nf3 {[%emt 0:00:11]} Nc6 {[%emt 0:00:29]} 3. Bb5 {[%emt 0:00:30]} e6 {[%emt 0:01:49]} 4. Bxc6 {[%emt 0:00:26]} bxc6 {[%emt 0:00:11]} 5. d3 {[%emt 0:00:17]} Ne7 {[%emt 0:02:50]} 6. Qe2 {[%emt 0:00:24]} Ng6 {[%emt 0:05:11]} 7. h4 {[%emt 0:01:52]} h5 {[%emt 0:01:02]} 8. b3 {[%emt 0:04:03]} e5 {[%emt 0:05:27]} 9. g3 {[%emt 0:11:46]} f6 {[%emt 0:17:16]} 10. Bb2 {[%emt 0:04:15]} d5 {[%emt 0:00:18]} 11. Nfd2 {[%emt 0:02:54]} Bd6 {[%emt 0:02:45]} 12. Nc3 {[%emt 0:01:42]} Bg4 {[%emt 0:07:27]} 13. f3 {[%emt 0:02:22]} Be6 {[%emt 0:00:06]} 14. Na4 {[%emt 0:03:44]} Nf8 {[%emt 0:07:03]} 15. Ba3 {[%emt 0:10:06]} Qe7 {[%emt 0:01:09]} 16. Qf2 {[%emt 0:07:46]} Nd7 {[%emt 0:00:28]} 17. f4 {[%emt 0:01:31]} Bg4 {[%emt 0:15:23]} 18. f5 {[%emt 0:04:07]} O-O {[%emt 0:00:25]} 19. O-O {[%emt 0:06:48]} Bh3 {[%emt 0:05:00]} 20. Rfe1 {[%emt 0:01:57]} g6 {[%emt 0:00:17]} 21. exd5 cxd5 22. Qf3 {[%emt 0:01:53]} Bxf5 {[%emt 0:02:47]} 23. Qxd5+ {[%emt 0:00:08]} Be6 {[%emt 0:00:09]} 24. Qg2 {[%emt 0:02:46]} f5 {[%emt 0:06:29]} 25. c4 {[%emt 0:07:29]} Nf6 {[%emt 0:12:02]} 26. Nc3 {[%emt 0:01:26]} Ng4 {[%emt 0:02:38]} 27. Re2 {[%emt 0:04:40]} Rad8 {[%emt 0:00:38]} 28. Nf3 {[%emt 0:01:15]} Bb8 {[%emt 0:01:55]} 29. Na4 {[%emt 0:00:40]} Qf6 {[%emt 0:02:00]} 30. Nxc5 {[%emt 0:01:45]} Bc8 {[%emt 0:00:27]} 31. Rae1 {[%emt 0:01:02]} Bd6 {[%emt 0:00:40]} 32. Nh2 {[%emt 0:03:58]} Nxh2 {[%emt 0:00:31]} 33. Qxh2 {[%emt 0:00:28]} e4 {[%emt 0:00:42]} 34. dxe4 {[%emt 0:00:56]} fxe4 {[%emt 0:00:01]} 35. b4 {[%emt 0:02:00]} Qd4+ {[%emt 0:01:03]} 36. Kh1 {[%emt 0:02:59]} Bg4 {[%emt 0:00:31]} 37. Re3 {[%emt 0:00:17]} Rf1+ {[%emt 0:00:24]} 38. Rxf1 {[%emt 0:00:28]} Qxe3 {[%emt 0:00:01]} 39. Qg1 {[%emt 0:00:55]} Bf3+ {[%emt 0:00:33]} 40. Kh2 {[%emt 0:00:13]} Bxc5 {[%emt 0:00:33]} 0-1

[Event "VI Sunway Sitges Open 2019"]
[Site "Sitges"]
[Date "2019.12.19"]
[Round "7.28"]
[White "Martin Duque, Jesus"]
[Black "Stefansson, Hannes"]
[Result "1-0"]
[WhiteElo "2430"]
[BlackElo "2538"]
[Annotator "ChessBase"]
[PlyCount "69"]
[EventDate "2019.12.13"]
[EventType "swiss"]
[EventCountry "ESP"]
[SourceTitle "playchess.com"]
[Source "ChessBase"]
[SourceQuality "1"]
[TimeControl "40/5400+30:1800+30"]

1. e4 {[%emt 0:02:35]} c5 {[%emt 0:00:00]} 2. Nf3 {[%emt 0:00:08]} Nc6 {[%emt 0:00:00]} 3. Bb5 {[%emt 0:00:07]} e6 {[%emt 0:00:27]} 4. Bxc6 {[%emt 0:00:04]} bxc6 {[%emt 0:00:10]} 5. d3 {[%emt 0:00:04]} Ne7 {[%emt 0:00:32]} 6. b3 {[%emt 0:00:04]} d5 {[%emt 0:08:27]} 7. Qe2 {[%emt 0:05:38]} Ng6 {[%emt 0:01:12]} 8. h4 {[%emt 0:00:47]} h5 {[%emt 0:01:48]} 9. e5 {[%emt 0:05:15]} Be7 {[%emt 0:01:34]} 10. Nbd2 {[%emt 0:02:05]} a5 {[%emt 0:01:29]} 11. a4 {[%emt 0:01:34]} Ba6 {[%emt 0:06:17]} 12. g3 {[%emt 0:04:38]} Qc7 {[%emt 0:04:52]} 13. Bb2 {[%emt 0:05:32]} Nf8 {[%emt 0:01:44]} 14. Ng5 {[%emt 0:11:15]} Nd7 {[%emt 0:03:12]} 15. O-O-O {[%emt 0:09:01]} g6 {[%emt 0:01:55]} 16. Rhe1 {[%emt 0:06:29]} Qd8 {[%emt 0:01:35]} 17. Qe3 {[%emt 0:02:33]} Nb6 {[%emt 0:05:14]} 18. c4 {[%emt 0:06:36]} Rb8 {[%emt 0:02:00]} 19. Qf4 {[%emt 0:02:36]} Rf8 {[%emt 0:00:39]} 20. Nh7 {[%emt 0:01:28]} Rh8 {[%emt 0:00:08]} 21. Ng5 {[%emt 0:00:54]} Rf8 {[%emt 0:00:21]} 22. Nh7 {[%emt 0:00:06]} Rh8 {[%emt 0:00:07]} 23. Nf6+ {[%emt 0:00:12]} Kf8 {[%emt 0:00:19]} 24. Bc3 {[%emt 0:10:02]} Na8 {[%emt 0:03:40]} 25. Kc2 {[%emt 0:02:47]} Kg7 {[%emt 0:00:55]} 26. Rg1 {[%emt 0:03:16]} Nb6 {[%emt 0:04:05]} 27. g4 {[%emt 0:01:25]} Nd7 {[%emt 0:00:41]} 28. gxh5 {[%emt 0:00:33]} d4 {[%emt 0:02:19]} 29. hxg6 {[%emt 0:01:28]} Nxf6 {[%emt 0:00:49]} 30. gxf7+ {[%emt 0:02:41]} Kxf7 {[%emt 0:00:05]} 31. Bb2 {[%emt 0:00:45]} Qc7 {[%emt 0:02:52]} 32. Ne4 {[%emt 0:03:55]} Qb6 {[%emt 0:04:25]} 33. exf6 {[%emt 0:01:45]} Qxb3+ {[%emt 0:00:47]} 34. Kd2 {[%emt 0:00:02]} Qxb2+ {[%emt 0:00:20]} 35. Ke1 {[%emt 0:00:01]} 1-0

[Event "VI Sunway Sitges Open 2019"]
[Site "Sitges"]
[Date "2019.12.19"]
[Round "7.29"]
[White "Narayanan, Srinath"]
[Black "Bharath Subramaniyam H"]
[Result "1-0"]
[WhiteElo "2529"]
[BlackElo "2420"]
[Annotator "ChessBase"]
[PlyCount "85"]
[EventDate "2019.12.13"]
[EventType "swiss"]
[EventCountry "ESP"]
[SourceTitle "playchess.com"]
[Source "ChessBase"]
[SourceQuality "1"]
[TimeControl "40/5400+30:1800+30"]

1. d4 {[%emt 0:02:54]} Nf6 {[%emt 0:00:00]} 2. c4 {[%emt 0:00:04]} e6 {[%emt 0:00:38]} 3. Nc3 {[%emt 0:00:06]} Bb4 {[%emt 0:01:25]} 4. e3 {[%emt 0:02:11]} O-O {[%emt 0:00:29]} 5. Bd3 {[%emt 0:00:08]} d5 {[%emt 0:01:23]} 6. Nf3 {[%emt 0:00:29]} c5 {[%emt 0:06:02]} 7. O-O {[%emt 0:00:13]} Nc6 {[%emt 0:03:19]} 8. a3 {[%emt 0:01:50]} Bxc3 {[%emt 0:02:31]} 9. bxc3 {[%emt 0:00:02]} b6 {[%emt 0:03:23]} 10. h3 {[%emt 0:08:48]} Ba6 {[%emt 0:05:52]} 11. cxd5 {[%emt 0:01:41]} Bxd3 {[%emt 0:00:17]} 12. Qxd3 {[%emt 0:00:05]} exd5 {[%emt 0:00:19]} 13. dxc5 {[%emt 0:00:09]} bxc5 {[%emt 0:02:02]} 14. c4 {[%emt 0:00:07]} Na5 {[%emt 0:22:06]} 15. cxd5 {[%emt 0:02:47]} c4 {[%emt 0:03:54]} 16. Qc2 {[%emt 0:01:17]} Qxd5 {[%emt 0:05:22]} 17. Bb2 {[%emt 0:07:45]} Qe4 {[%emt 0:04:58]} 18. Qc3 {[%emt 0:01:29]} Nb3 {[%emt 0:00:49]} 19. Rad1 {[%emt 0:00:07]} Rac8 {[%emt 0:15:18]} 20. Ne5 {[%emt 0:10:59]} Rfe8 {[%emt 0:07:12]} 21. f3 {[%emt 0:12:01]} Qb7 {[%emt 0:01:40]} 22. Nxc4 {[%emt 0:10:13]} Qb5 {[%emt 0:01:57]} 23. Nd6 {[%emt 0:00:46]} Rxc3 {[%emt 0:00:37]} 24. Nxb5 {[%emt 0:00:04]} Rcxe3 {[%emt 0:00:34]} 25. Nd6 {[%emt 0:09:46]} Rf8 {[%emt 0:01:53]} 26. Bxf6 {[%emt 0:03:17]} gxf6 {[%emt 0:00:11]} 27. Ne4 {[%emt 0:00:03]} Na5 {[%emt 0:03:07]} 28. Nxf6+ {[%emt 0:00:12]} Kg7 {[%emt 0:00:13]} 29. Nh5+ {[%emt 0:00:07]} Kh6 {[%emt 0:01:02]} 30. Ng3 {[%emt 0:04:51]} Rxa3 {[%emt 0:00:31]} 31. Rd6+ {[%emt 0:00:04]} f6 {[%emt 0:00:55]} 32. Rc1 {[%emt 0:00:19]} Kg6 {[%emt 0:02:17]} 33. Rc7 {[%emt 0:01:13]} Rf7 {[%emt 0:01:41]} 34. Rc8 {[%emt 0:00:04]} Nb3 {[%emt 0:00:21]} 35. h4 {[%emt 0:03:54]} Ra5 {[%emt 0:01:14]} 36. h5+ {[%emt 0:02:02]} Kh6 {[%emt 0:00:54]} 37. Ne4 {[%emt 0:07:31]} Kxh5 {[%emt 0:00:51]} 38. Rg8 {[%emt 0:00:20]} Kh4 {[%emt 0:01:09]} 39. Rg4+ {[%emt 0:03:41]} Kh5 {[%emt 0:00:07]} 40. Nxf6+ {[%emt 0:00:00]} Rxf6 {[%emt 0:00:00]} 41. Rxf6 {[%emt 0:00:05]} Nc5 {[%emt 0:02:48]} 42. Rf5+ {[%emt 0:02:43]} Kh6 {[%emt 0:00:32]} 43. Kh2 {[%emt 0:00:04]} 1-0

[Event "VI Sunway Sitges Open 2019"]
[Site "Sitges"]
[Date "2019.12.19"]
[Round "7.30"]
[White "Sardana, Rishi"]
[Black "Krysa, Leandro"]
[Result "0-1"]
[WhiteElo "2428"]
[BlackElo "2527"]
[Annotator "TA"]
[PlyCount "112"]
[EventDate "2019.12.13"]
[EventType "swiss"]
[EventCountry "ESP"]
[SourceTitle "playchess.com"]
[Source "ChessBase"]
[SourceQuality "1"]

{[%evp 11,112,5,0,18,18,16,17,23,21,19,20,20,14,25,22,27,22,18,22,19,22,22,22,19,17,18,22,0,0,0,0,0,0,0,0,0,0,0,0,-4,-8,-36,-35,-35,-35,-35,-40,-31,0,0,0,0,0,0,0,0,0,0,0,0,0,0,0,0,0,0,0,0,0,0,0,0,0,0,0,0,0,0,0,0,0,-2,-20,-552,-458,-1188,-1114,-7559,-2541,-12829,-5716,-5920,-2362,-12829,-12833,-12833,-12833,-12837,-12838,-12839,-12836,-12827,-1106]} 1. e4 c5 2. Nf3 Nc6 3. Bb5 g6 4. O-O Bg7 5. Re1 e5 6. b4 Nxb4 7. Bb2 {B31: Sicilian: 2...Nc6 3 Bb5 g6} a6 8. a3 $1 {[%cal Ra3b4]} axb5 9. axb4 {The position is equal.} Rxa1 10. Bxa1 d6 11. bxc5 Ne7 12. cxd6 (12. Qe2 b4 13. Qc4 Qa5 14. cxd6 Be6 {½-½ (34) Caruana,F (2832)-Carlsen,M (2835) London 2018}) 12... Qxd6 13. d4 exd4 14. Bxd4 O-O 15. Bxg7 Qxd1 16. Rxd1 Kxg7 17. Nd4 $146 Bd7 18. Nd2 Rc8 19. N2b3 b4 20. f3 Ba4 21. Rd2 Rc3 22. Kf2 Nc6 23. f4 h5 24. g3 Kf8 25. Re2 Ke7 26. Ke1 (26. e5 {looks sharper.} h4 27. Rd2 hxg3+ 28. hxg3 Kf8 29. Kg2) 26... Rc4 27. Nxc6+ bxc6 $15 {[%mdl 4096] Endgame KRB-KRN} 28. Kd2 $1 c5 {And now ...Rc3 would win.} 29. Re3 $1 Bxb3 30. cxb3 {KR-KR} Rd4+ 31. Kc2 c4 32. bxc4 Rxc4+ 33. Kb3 Rd4 34. e5 h4 35. Re2 Ke6 36. Rc2 h3 37. Rc6+ Kd7 38. Rc2 Ke7 39. Rc7+ Ke6 40. Rc6+ Kd7 41. Rc2 Re4 42. Ra2 Ke7 43. Ra7+ Kf8 44. Ra2 Kg7 45. Rc2 Kh6 46. Rc7 Re2 47. Rc2 $2 {[%mdl 8192] [#]} (47. Rxf7 $11 {and White is okay.} Rxh2 48. g4) 47... Rg2 $19 {Black is clearly winning.} 48. Rc8 (48. g4 $142 Rxg4 49. Rc8) 48... Rxh2 49. Rh8+ Kg7 50. Rh4 Rh1 51. Kb2 h2 52. Rh3 Kf8 53. Rh7 Ke7 54. Ka2 Ke6 55. Kb2 Kd5 56. g4 Rf1 {Accuracy: White = 55%, Black = 90%.} (56... Ke4 $142 57. f5 Kxe5) 0-1

[Event "VI Sunway Sitges Open 2019"]
[Site "Sitges"]
[Date "2019.12.19"]
[Round "7.31"]
[White "Sindarov, Javokhir"]
[Black "Travadon, Loic"]
[Result "1-0"]
[WhiteElo "2526"]
[BlackElo "2412"]
[Annotator "ChessBase"]
[PlyCount "105"]
[EventDate "2019.12.13"]
[EventType "swiss"]
[EventCountry "ESP"]
[SourceTitle "playchess.com"]
[Source "ChessBase"]
[SourceQuality "1"]
[TimeControl "40/5400+30:1800+30"]

1. e4 {[%emt 0:00:02]} e6 {[%emt 0:00:02]} 2. d4 {[%emt 0:00:42]} d5 {[%emt 0:00:05]} 3. Nc3 {[%emt 0:00:11]} Bb4 {[%emt 0:00:05]} 4. e5 {[%emt 0:00:45]} c5 {[%emt 0:00:05]} 5. Bd2 {[%emt 0:02:35]} Ne7 {[%emt 0:00:06]} 6. a3 {[%emt 0:04:11]} Bxc3 {[%emt 0:00:05]} 7. bxc3 {[%emt 0:00:03]} Nbc6 {[%emt 0:00:57]} 8. Nf3 {[%emt 0:04:00]} Bd7 {[%emt 0:01:01]} 9. Bd3 {[%emt 0:02:08]} c4 {[%emt 0:00:19]} 10. Be2 {[%emt 0:00:08]} Qc7 {[%emt 0:05:48]} 11. h4 {[%emt 0:02:34]} f6 {[%emt 0:02:07]} 12. Bf4 {[%emt 0:00:49]} Ng6 {[%emt 0:01:42]} 13. Bg3 {[%emt 0:02:10]} fxe5 {[%emt 0:17:56]} 14. Qd2 {[%emt 0:06:52]} O-O {[%emt 0:01:30]} 15. dxe5 {[%emt 0:00:36]} h6 {[%emt 0:02:08]} 16. h5 {[%emt 0:04:14]} Nge7 {[%emt 0:00:31]} 17. Bh2 {[%emt 0:02:30]} Rf7 {[%emt 0:01:17]} 18. Nd4 {[%emt 0:01:45]} Nxd4 {[%emt 0:01:27]} 19. cxd4 {[%emt 0:00:11]} c3 {[%emt 0:00:28]} 20. Qd3 {[%emt 0:02:49]} a6 {[%emt 0:00:52]} 21. a4 {[%emt 0:08:16]} Rc8 {[%emt 0:03:27]} 22. O-O {[%emt 0:10:50]} b5 {[%emt 0:02:05]} 23. g4 {[%emt 0:11:52]} Qb6 {[%emt 0:01:00]} 24. a5 {[%emt 0:05:57]} Qa7 {[%emt 0:00:46]} 25. Rfd1 {[%emt 0:01:56]} Nc6 {[%emt 0:02:36]} 26. Qxc3 {[%emt 0:00:53]} Nxe5 {[%emt 0:00:07]} 27. Qg3 {[%emt 0:01:56]} Nc4 {[%emt 0:01:04]} 28. g5 {[%emt 0:04:08]} hxg5 {[%emt 0:00:58]} 29. Qxg5 {[%emt 0:00:21]} Rf5 {[%emt 0:04:30]} 30. Qh4 {[%emt 0:00:26]} Rcf8 {[%emt 0:01:38]} 31. Rd3 {[%emt 0:03:42]} Be8 {[%emt 0:05:37]} 32. Bg3 {[%emt 0:00:19]} Qf7 {[%emt 0:01:11]} 33. Re1 {[%emt 0:02:01]} Qf6 {[%emt 0:08:47]} 34. Bg4 {[%emt 0:00:11]} Qxh4 {[%emt 0:00:20]} 35. Bxh4 {[%emt 0:00:05]} Bd7 {[%emt 0:00:36]} 36. Bxf5 {[%emt 0:01:02]} Rxf5 37. Rg3 {[%emt 0:00:25]} Rxh5 {[%emt 0:04:02]} 38. Bf6 {[%emt 0:00:40]} Rh7 {[%emt 0:00:52]} 39. Be7 {[%emt 0:06:52]} Rh5 {[%emt 0:03:55]} 40. Bf6 {[%emt 0:02:43]} Rh7 {[%emt 0:00:14]} 41. Be7 {[%emt 0:00:10]} Rh5 {[%emt 0:00:24]} 42. Bb4 {[%emt 0:01:44]} Rf5 {[%emt 0:00:21]} 43. Kg2 {[%emt 0:02:43]} Rf4 {[%emt 0:03:31]} 44. Rh1 {[%emt 0:01:15]} Rf5 {[%emt 0:14:26]} 45. Rh4 {[%emt 0:00:47]} e5 {[%emt 0:01:03]} 46. Rh6 {[%emt 0:01:12]} Bc8 {[%emt 0:00:46]} 47. Rc6 {[%emt 0:01:16]} Bb7 {[%emt 0:00:09]} 48. Re6 {[%emt 0:00:33]} Rf7 {[%emt 0:00:36]} 49. Re8+ {[%emt 0:00:15]} Kh7 {[%emt 0:00:05]} 50. dxe5 {[%emt 0:00:07]} d4+ {[%emt 0:00:09]} 51. Kg1 {[%emt 0:00:07]} Be4 {[%emt 0:00:48]} 52. e6 {[%emt 0:00:24]} Rc7 {[%emt 0:00:30]} 53. e7 {[%emt 0:00:39]} 1-0